Представление документа в формате MARC21

Поле Инд. ПП Название Значение
Тип записи a
Библиографический уровень m
001 Контрольный номер RU/IS/BASE/372337779
005 Дата корректировки 20140227170302.8
040 a Служба первич. каталог. НБ ТвГУ
b Код языка каталог. rus
e Правила каталог. PSBO
041 0_ a Код языка текста rus
080 a Индекс УДК 537(075.8)
084 a Индекс другой классификации/Индекс ББК В33я73-1
090 a Полочн. индекс В33я73
x Авторский знак П 18
100 1_ a Автор Парселл Эдвард М.
q Полное имя Парселл Э. М.
245 00 a Заглавие Электричество и магнетизм
c Ответственность пер. с англ. под ред. А. И. Шальникова, А. О. Вайсенберга
250 a Основные сведения об издании 3-е изд., испр.
260 a Место издания Москва
b Издательство Наука
c Дата издания 1983
300 a Объем 415, [1] с.
b Иллюстрации/ тип воспроизводства ил.
440 _0 a Серия Берклеевский курс физики
v N тома т. 2
653 a Ключевые слова Магнетизм
a Ключевые слова Учебники для вузов
a Ключевые слова Физика
a Ключевые слова Электричество
700 1_ a Другие авторы Шальников Александр Иосифович
e Роль лиц ред. пер.
700 1_ a Другие авторы Вайсенберг Александр Овсеевич
e Роль лиц ред. пер.
901 t Тип документа m
920 a Оператор Пету
930 a Новая/Ретро учебники
954 a Дата поступления на обработку 20111019